El matrimonio y la familia en la Familiaris consortio: materiales de reflexión personal y en grupo y texto de la Exhortación apostólica
Gespeichert in:
| 1. Verfasser: | |
|---|---|
| Format: | Buch |
| Sprache: | Spanisch |
| Veröffentlicht: |
Madrid
Paulinas
1984
|
| Schriftenreihe: | Amor Humano
|
| Schlagworte: | |
| Tags: |
Tag hinzufügen
Keine Tags, Fügen Sie den ersten Tag hinzu!
|
MARC
| LEADER | 00000nam a2200000 a 4500 | ||
|---|---|---|---|
| 001 | UCL8511 | ||
| 003 | CL-VaPUC | ||
| 008 | 040625e19840000SP |||||||||||||||||spa|d | ||
| 020 | |a 8428509654 | ||
| 082 | 0 | 4 | |a 262.91 |b VIL |2 21 |
| 100 | 0 | |a Villarejo Garaizar, Antonio |e author |9 486401 | |
| 245 | 1 | 3 | |a El matrimonio y la familia en la Familiaris consortio: materiales de reflexión personal y en grupo y texto de la Exhortación apostólica |
| 300 | |a 387 p | ||
| 942 | |c BK | ||
| 945 | |d 20040625 00:00:00 |a cmena | ||
| 260 | |a Madrid |b Paulinas |c 1984 | ||
| 650 | 0 | |a Familias |9 255641 | |
| 650 | 0 | |a Encíclicas |9 255643 | |
| 650 | 7 | |a DOCUMENTOS PONTIFICOS |2 CL-VaPUC |9 486402 | |
| 583 | |a last modification |c 20040625 00:00:00 |k Rodrigo Vera | ||
| 490 | 0 | |a Amor Humano | |
| 999 | |c 309753 |d 309751 | ||
| 952 | |0 0 |1 0 |4 0 |6 262_910000000000000_VIL_1984 |7 0 |8 A |9 377491 |a BIBEDU |b BIBEDU |d 2019-11-21 |i 4032063 |o 262.91 VIL 1984 |p 4032063 |r 2019-11-21 |w 2019-11-21 |y BK |k BME | ||